000 01528cpcaa2200325 a 4500
001 mm2009085482
003 DLC
005 20260227111731.0
008 090825|||||||||||| eng
010 _amm2009085482
040 _aDLC
_cDLC
_edacs
_dDLC
072 7 _aW
_2lcmd
100 1 _aBoernstein, Augustus S.
245 0 0 _aAugustus S. Boernstein correspondence,
_f1864.
300 _a1
_fitem.
506 0 _aOpen to research.
520 8 _aALS with cover (29 September 1864; in the field near Chapin's Bluff, Va.) from by Boernstein, acting commander of the 4th United States Army Colored Infantry Regiment, describing the Battle of New Market, Va., particularly the actions of Christian A. Fleetwood and Charles Veale (1838-1872) for which they were awarded the Medal of Honor.
545 0 _aUnion Army officer.
546 _aCollection material in English.
580 _aForms part of: Miscellaneous Manuscripts collection.
600 1 0 _aFleetwood, Christian A.
_q(Christian Abraham),
_d1840-1914.
600 1 0 _aVeale, Charles,
_d1838-1872.
610 1 0 _aUnited States.
_bArmy.
_bColored Infantry Regiment, 4th (1863-1866)
650 0 _aNew Market, Battle of, New Market, Va., 1864.
651 0 _aUnited States
_xHistory
_yCivil War, 1861-1865
_xCampaigns.
651 0 _aVirginia
_xHistory
_yCivil War, 1861-1865.
656 7 _aArmy officers.
_2itoamc
999 _c44801
_d44801